[Event "Berkeley Peoples op"]
[Site "Berkeley"]
[Date "1999.??.??"]
[Round "?"]
[White "Baldwin, Delbert"]
[Black "Lee, Andy C"]
[Result "0-1"]
[WhiteElo "1675"]
[BlackElo "2120"]
[PlyCount "62"]
[EventDate "1999.??.??"]
[EventType "swiss"]
[EventRounds "6"]
[EventCountry "USA"]
[SourceTitle "EXT 2007"]
[Source "ChessBase"]
[SourceDate "2006.11.23"]
[SourceVersion "1"]
[SourceVersionDate "2006.11.23"]
[SourceQuality "1"]

1. Nf3 Nf6 2. b3 g6 3. Bb2 Bg7 4. e4 d6 5. d4 Nxe4 6. Bd3 Nf6 7. 0-0 0-0 8. Re1 b6 9. Qe2 e6 10. c4 Bb7 11. Nbd2 Nbd7 12. b4 c5 13. Nb3 cxb4 14. Rac1 Qe7 15. a3 a5 16. axb4 axb4 17. h3 Ra2 18. Rc2 Rc8 19. Rec1 Bh6 20. Nfd2 Nh5 21. g3 Ndf6 22. Re1 Ba8 23. Ne4 Qb7 24. Kh2 Nxe4 25. Bxe4 Qxe4 26. Qxe4 Bxe4 27. Rxe4 d5 28. Re1 dxc4 29. Nc1 Bxc1 30. Rexc1 c3 31. Kg2 Rxb2 0-1